01443nam a2200301Ia 4500001001200000003000800012006001900020007001500039008004100054010001700095015001500112020002800127040002100155035002100176050002200197100002800219245010500247260004800352300001600400504006400416505030000480533015200780650002500932650001200957655002900969710001700998856012601015ebr10142478CaPaEBRm u cr cn|||||||||980623s1999 nyu sb 001 0 eng d z 98029122  aGB99-61349 z0195128486 (alk. paper) aCaPaEBRcCaPaEBR a(OCoLC)61496310414aBJ47b.A33 1999eb1 aAdams, Robert Merrihew.10aFinite and infinite goodsh[electronic resource] :ba framework for ethics /cRobert Merrihew Adams. aNew York :bOxford University Press,c1999. axiv, 410 p. aIncludes bibliographical references (p. 391-400) and index.0 aGod as the good -- The transcendence of the good -- Well-being and excellence -- The sacred and the bad -- Eros -- Grace -- Devotion -- Idolatry -- Symbolic value -- Obligation -- Divine commands -- Abraham's dilemma -- Vocation -- Politics and the good -- Revelation of the good -- Moral faith. aElectronic reproduction.bPalo Alto, Calif. :cebrary,d2009.nAvailable via World Wide Web.nAccess may be limited to ebrary affiliated libraries. 0aReligion and ethics. 0aEthics. 7aElectronic books.2local2 aebrary, Inc.40uhttp://site.ebrary.com/lib/rucke/Doc?id=10142478zAn electronic book accessible through the World Wide Web; click to view